00582nam a22001337a 4500999001500000008004100015100003600056245011100092260005500203300003500258650004900293942001500342952009100357 c6703d6703200324b ||||| |||| 00| 0 eng d aThe United Republic of Tanzania a2002 POPULATION AND HOUSING CENSUS VOLUME IVbDistrict profilecThe United Republic of TanzaniahEnglish aDar es salaambNational Bureau of Statisticsc2002 aviii,122p.bIllustrationc29cm 22002 population and housing census volume iv 2ddccBOOKS 00102ddc4070a3000b3000d2020-03-24l0p10000002031r2020-03-24w2020-03-24yBOOKS